000
00289nam a22001217a 4500
020
_a
9788176496308
082
_a
621.3678
_b
PAN/RE
100
_a
Panda, B.C
245
_a
Remote sensing: principles and applications
260
_a
New Delhi
_b
Viva Books
_c
2009
300
_a
288p
942
_c
BK
999
_c
13951
_d
13951